000 00388nam a2200157Ia 4500
008 160316s1995 xxu||||| |||| 00| 0 eng d
082 _a343.087000
_bNAB
100 _aNabhi
245 _aForeign exchange manual 1995
250 _a
260 _aNew Delhi
_bNabhi Publications
_c1995
300 _a1015
_b
_c
365 _bRs.590/-
650 _a1.Foreign Exchange Manual
700 _a
_a
999 _c8710
_d8710